| 000 | 00832cam a2200241 a 4500 | ||
|---|---|---|---|
| 005 | 20160317082435.0 | ||
| 008 | 160316s1946 sp r 00010 spa d | ||
| 040 |
_aCO-BoBLA _cCO-BoBLA _dCo-BoIAvH |
||
| 041 | 1 |
_aspa _hfre |
|
| 082 | 0 | 4 |
_a595.799 _bM13v |
| 100 | 1 |
_aMaeterlinck, Maurice, _d1862-1949. |
|
| 245 | 1 | 3 |
_aLa vida de las abejas / _cMauricio Maeterlinck ; traducido por Pedro de Tornamira. |
| 250 | _aTercera edición | ||
| 260 |
_aMadrid : _bEspasa-Calpe, _c1967. |
||
| 300 |
_a216 páginas. _c18 centímetros. |
||
| 490 | 1 |
_aColección austral; _v606 |
|
| 504 | _aIncluye bibliografía. | ||
| 650 | 1 | 4 |
_aAbejas _v Ensayos. |
| 650 | 1 | 4 |
_aSociedades de insectos _v Ensayos. |
| 650 | 1 | 4 | _aEnsayos franceses. |
| 700 | 1 |
_aTornamira, Pedro de, _etrraductor |
|
| 942 |
_2ddc _cLIBRO |
||
| 999 |
_c18233 _d18233 |
||